[Event "BI-2011-P-00021"]
[Site "LSS email"]
[Date "2011.04.17"]
[Round "?"]
[White "Matthews, James"]
[Black "Wisham, Clyde"]
[Result "0-1"]
[WhiteElo "779"]
[BlackElo "1834"]
[PlyCount "56"]
[EventDate "2011.04.20"]
[EventType "tourn (corr)"]
[EventRounds "10"]
[EventCountry "GER"]
[SourceTitle "Telechess CBM 155"]
[Source "ChessBase"]
[SourceDate "2013.07.16"]
[SourceVersion "1"]
[SourceVersionDate "2013.07.16"]
[SourceQuality "1"]

1. e4 e6 2. d4 d5 3. Nc3 Nf6 4. e5 Nfd7 5. f4 c5 6. Nf3 Nc6 7. Be3 Be7 8. Qd2 0-0 9. Be2 a6 10. 0-0 b5 11. a3 Bb7 12. Rad1 cxd4 13. Nxd4 Nxd4 14. Bxd4 Nb6 15. Kh1 Nc4 16. Qc1 Rc8 17. f5 Bg5 18. Qa1 Ne3 19. Bxe3 Bxe3 20. Rf3 Qb6 21. fxe6 fxe6 22. Rxf8+ Rxf8 23. Rf1 Rxf1+ 24. Qxf1 Qc7 25. Qf3 d4 26. Qg3 dxc3 27. Qxe3 cxb2 28. Qb3 Qxe5 0-1

[Event "BI-2011-P-00021"]
[Site "LSS email"]
[Date "2011.04.17"]
[Round "?"]
[White "Onder, Evren"]
[Black "Matthews, James"]
[Result "1-0"]
[WhiteElo "2245"]
[BlackElo "779"]
[PlyCount "57"]
[EventDate "2011.04.20"]
[EventType "tourn (corr)"]
[EventRounds "10"]
[EventCountry "GER"]
[SourceTitle "Telechess CBM 157"]
[Source "ChessBase"]
[SourceDate "2013.11.12"]
[SourceVersion "1"]
[SourceVersionDate "2013.11.12"]
[SourceQuality "1"]

1. Nf3 Nf6 2. c4 e6 3. Nc3 d5 4. d4 Be7 5. Bg5 h6 6. Bh4 0-0 7. e3 b6 8. Bd3 Bb7 9. 0-0 Nbd7 10. Bg3 c5 11. Rc1 Ne4 12. Qe2 Nxg3 13. hxg3 cxd4 14. Nxd4 Ne5 15. cxd5 Nxd3 16. Qxd3 exd5 17. Rfd1 Bf6 18. Nde2 Qb8 19. Nf4 Rd8 20. Ncxd5 Bxb2 21. Ne7+ Kf8 22. Qb3 Rxd1+ 23. Rxd1 Kxe7 24. Qb4+ Ke8 25. Qxb2 g5 26. Nh5 Ke7 27. Qf6+ Ke8 28. Ng7+ Kf8 29. Nf5 1-0

[Event "CP-2009-Q-00001"]
[Site "LSS email"]
[Date "2011.02.03"]
[Round "?"]
[White "Matthews, James"]
[Black "Dard, Michel"]
[Result "0-1"]
[WhiteElo "779"]
[BlackElo "2193"]
[PlyCount "66"]
[EventDate "2011.02.05"]
[EventType "tourn (corr)"]
[EventRounds "8"]
[EventCountry "GER"]
[SourceTitle "Telechess CBM 151"]
[Source "ChessBase"]
[SourceDate "2012.11.13"]
[SourceVersion "1"]
[SourceVersionDate "2012.11.13"]
[SourceQuality "1"]

1. e4 d5 2. exd5 Qxd5 3. Nc3 Qa5 4. d4 Nf6 5. Nf3 Bf5 6. Bc4 e6 7. Bd2 Bb4 8. a3 Bxc3 9. Bxc3 Qb6 10. 0-0 Nc6 11. b4 a6 12. Bb2 0-0 13. Be2 Rad8 14. c4 Be4 15. c5 Qa7 16. Ng5 Bg6 17. Nf3 Bh5 18. Qd2 Rd7 19. Qf4 Rfd8 20. Rad1 Nd5 21. Qh4 Bg6 22. Rd2 Qa8 23. Rfd1 Nf6 24. Qg3 Ne4 25. Qf4 e5 26. Nxe5 Nxe5 27. Qxe5 Nxd2 28. Rxd2 Re8 29. Qg3 Rde7 30. Kf1 Qc8 31. f3 Rxe2 32. Rxe2 Bd3 33. d5 g6 0-1

[Event "CP-2009-Q-00001"]
[Site "LSS email"]
[Date "2011.02.03"]
[Round "?"]
[White "Matthews, James"]
[Black "Hartl, Hermann"]
[Result "0-1"]
[WhiteElo "779"]
[BlackElo "2492"]
[PlyCount "68"]
[EventDate "2011.02.05"]
[EventType "tourn (corr)"]
[EventRounds "8"]
[EventCountry "GER"]
[SourceTitle "Telechess CBM 151"]
[Source "ChessBase"]
[SourceDate "2012.11.13"]
[SourceVersion "1"]
[SourceVersionDate "2012.11.13"]
[SourceQuality "1"]

1. e4 c5 2. Nf3 d6 3. d4 cxd4 4. Nxd4 Nf6 5. Nc3 a6 6. Be3 e5 7. Nb3 Be6 8. Qd2 Nbd7 9. f3 h5 10. 0-0-0 Be7 11. Kb1 b5 12. Nd5 Bxd5 13. exd5 Nb6 14. Bxb6 Qxb6 15. Na5 Rc8 16. c4 bxc4 17. Rc1 Rc5 18. Nxc4 Qa7 19. Ne3 Rxc1+ 20. Qxc1 0-0 21. Bc4 Rb8 22. Rd1 Nd7 23. Nf5 Bf8 24. Qg5 g6 25. Ne7+ Bxe7 26. Qxe7 Qb6 27. b3 Nc5 28. Qh4 a5 29. Kc2 a4 30. Rb1 Na6 31. Bxa6 Qxa6 32. Qxa4 Qe2+ 33. Kc3 Rc8+ 34. Kb4 Qc2 0-1

[Event "IECG CP.2009.P.00007 email"]
[Site "IECG email"]
[Date "2009.10.01"]
[Round "?"]
[White "Matthews, James"]
[Black "Secrieru, Ioan"]
[Result "0-1"]
[WhiteElo "644"]
[BlackElo "1777"]
[PlyCount "100"]
[EventDate "2009.10.01"]
[EventType "tourn (corr)"]
[EventRounds "6"]
[EventCountry "ARG"]
[SourceTitle "Corr 2024"]
[Source "ChessBase"]
[SourceDate "2023.10.19"]
[SourceVersion "1"]
[SourceVersionDate "2023.10.19"]
[SourceQuality "1"]

1. e4 c5 2. Nf3 d6 3. d4 cxd4 4. Nxd4 Nf6 5. Nc3 e5 6. Bb5+ Nbd7 7. Nf5 a6 8. Bxd7+ Qxd7 9. Ne3 d5 10. Nexd5 Qc6 11. 0-0 Nxd5 12. exd5 Qc7 13. Re1 Bd6 14. Ne4 0-0 15. Nxd6 Qxd6 16. c4 Bf5 17. Be3 Rfd8 18. Qf3 Bg6 19. Red1 b6 20. Rac1 Rac8 21. a3 f5 22. b4 f4 23. c5 Qd7 24. c6 Qc7 25. d6 Rxd6 26. Rxd6 Qxd6 27. Bxb6 Be8 28. Bc5 Qxc6 29. Qe2 Qe6 30. Re1 Rd8 31. g3 Bc6 32. f3 fxg3 33. hxg3 Qf7 34. Qxe5 Qxf3 35. Qe6+ Kh8 36. Qh3 Qxa3 37. Qh4 Ra8 38. Bd4 Qf3 39. Bxg7+ Kg8 40. Qh3 Kxg7 41. Re7+ Kf8 42. Re5 Kg8 43. Rf5 Qe3+ 44. Kh2 Qe2+ 45. Kg1 Qe1+ 46. Rf1 Qe3+ 47. Kh2 Qd2+ 48. Kg1 Re8 49. Qg4+ Kh8 50. Qh3 Qd4+ 0-1

[Event "P-4395"]
[Site "IECC email"]
[Date "2007.11.30"]
[Round "?"]
[White "Bielewicz, Julian"]
[Black "Matthews, James"]
[Result "0-1"]
[WhiteElo "1233"]
[BlackElo "1274"]
[PlyCount "52"]
[EventDate "2007.??.??"]
[EventType "tourn (corr)"]
[SourceTitle "Corr 2020"]
[Source "ChessBase"]
[SourceDate "2019.09.30"]
[SourceVersion "1"]
[SourceVersionDate "2019.09.30"]
[SourceQuality "1"]
[WhiteTeam "Australia"]
[BlackTeam "New Zealand"]
[WhiteTeamCountry "AUS"]
[BlackTeamCountry "NZL"]

1. Nf3 Nf6 2. g3 d5 3. Bg2 g6 4. 0-0 Bg7 5. d3 0-0 6. Nbd2 d4 7. e4 dxe3 8. fxe3 Nc6 9. e4 Ng4 10. Nb3 a5 11. a4 e5 12. Bd2 b6 13. h3 Nf6 14. g4 Ne8 15. Nc1 Nd6 16. Ne2 f6 17. Nc3 Be6 18. Qe2 Nb4 19. Rac1 Qd7 20. Qe1 Rad8 21. b3 Nb7 22. Qe2 Nc5 23. Be3 Qd6 24. Rf2 Rd7 25. Nb5 Qe7 26. Nd2 Ncxd3 0-1

[Event "CFriend CP-2005-P-00034"]
[Site "Chessfriend.com"]
[Date "2005.10.01"]
[Round "1"]
[White "Aguilar, Omar"]
[Black "Matthews, James"]
[Result "1-0"]
[WhiteElo "2163"]
[BlackElo "645"]
[PlyCount "121"]
[EventDate "2005.??.??"]
[EventType "tourn (corr)"]
[EventRounds "4"]
[SourceTitle "Corr 2024"]
[Source "ChessBase"]
[SourceDate "2023.10.19"]
[SourceVersion "1"]
[SourceVersionDate "2023.10.19"]
[SourceQuality "1"]

1. e4 e5 2. Nf3 Nc6 3. Bc4 Nf6 4. d4 exd4 5. 0-0 Nxe4 6. Re1 d5 7. Bxd5 Qxd5 8. Nc3 Qa5 9. Nxe4 Be6 10. Neg5 0-0-0 11. Nxe6 fxe6 12. Rxe6 Bd6 13. Bg5 Rde8 14. Qe2 Kd7 15. Rxe8 Rxe8 16. Qd3 h6 17. Bd2 Qh5 18. b4 a6 19. a4 Ne5 20. Nxe5+ Qxe5 21. f4 Qf6 22. Rf1 Kc8 23. c3 dxc3 24. Bxc3 Qf7 25. Qd4 g6 26. b5 b6 27. Qd3 axb5 28. axb5 h5 29. Qh3+ Qe6 30. f5 Bc5+ 31. Kh1 Rf8 32. g4 Qe4+ 33. Qg2 Qxg4 34. Qa8+ Kd7 35. Qc6+ Kc8 36. Ra1 Ba3 37. Qa8+ Kd7 38. Qc6+ Kc8 39. Be5 Rf7 40. Qa8+ Kd7 41. Qd5+ Ke8 42. Rxa3 Qxf5 43. Ra8+ Ke7 44. Ra1 Qf3+ 45. Qxf3 Rxf3 46. Bxc7 Rb3 47. Bxb6 Rxb5 48. Bd4 Rd5 49. Re1+ Kf7 50. Re4 Rf5 51. Kg2 g5 52. Re5 Rxe5 53. Bxe5 Ke6 54. Bb2 Kf5 55. Kf3 g4+ 56. Kg3 h4+ 57. Kxh4 Kf4 58. Ba3 Kf5 59. Bd6 Ke6 60. Bb8 Kf5 61. Bg3 1-0

[Event "CFriend CP-2005-P-00034"]
[Site "Chessfriend.com"]
[Date "2005.10.01"]
[Round "1"]
[White "Matthews, James"]
[Black "Lifshitz, Samuel"]
[Result "0-1"]
[WhiteElo "645"]
[BlackElo "2110"]
[PlyCount "90"]
[EventDate "2005.??.??"]
[EventType "tourn (corr)"]
[EventRounds "4"]
[SourceTitle "Corr 2008"]
[Source "ChessBase"]
[SourceDate "2008.06.24"]
[SourceVersion "1"]
[SourceVersionDate "2008.06.24"]
[SourceQuality "1"]

1. Nf3 f5 2. g3 Nf6 3. Bg2 g6 4. 0-0 Bg7 5. d4 0-0 6. c4 d6 7. Nc3 Qe8 8. d5 Na6 9. Rb1 Nc5 10. Nb5 Qd8 11. Nbd4 e5 12. dxe6 Nfe4 13. Nb3 Nxe6 14. Nfd4 Qe8 15. Nxe6 Bxe6 16. Nd2 Nxd2 17. Qxd2 Bxc4 18. Bd5+ Bxd5 19. Qxd5+ Qf7 20. Qxb7 Qxa2 21. Be3 Rfc8 22. Rfd1 Rab8 23. Qd5+ Qxd5 24. Rxd5 Rxb2 25. Rxb2 Bxb2 26. Bxa7 Kf7 27. Rb5 Bf6 28. Rb8 Rxb8 29. Bxb8 Bd8 30. Kf1 Ke6 31. Ke1 Kd7 32. Bxc7 Bxc7 33. e3 g5 34. Ke2 g4 35. f3 Ke6 36. Kf2 Kd5 37. Ke2 Kc4 38. fxg4 fxg4 39. Kd2 d5 40. Ke2 Kc3 41. e4 d4 42. Kd1 d3 43. Kc1 d2+ 44. Kd1 Kd3 45. e5 Bxe5 0-1

[Event "CFriend CP-2005-P-00034"]
[Site "Chessfriend.com"]
[Date "2005.10.01"]
[Round "1"]
[White "Matthews, James"]
[Black "Plochan, Frank"]
[Result "0-1"]
[WhiteElo "645"]
[BlackElo "1791"]
[PlyCount "84"]
[EventDate "2005.??.??"]
[EventType "tourn (corr)"]
[EventRounds "4"]
[SourceTitle "Corr 2008"]
[Source "ChessBase"]
[SourceDate "2008.06.24"]
[SourceVersion "1"]
[SourceVersionDate "2008.06.24"]
[SourceQuality "1"]

1. e4 e6 2. d4 d5 3. Nc3 Bb4 4. e5 c5 5. Bd2 Ne7 6. a3 Bxc3 7. Bxc3 Nbc6 8. Nf3 cxd4 9. Nxd4 Nxe5 10. Nxe6 Bxe6 11. Bxe5 0-0 12. Bd3 Nc6 13. Bg3 Qf6 14. Rb1 Bf5 15. 0-0 Rfe8 16. Qf3 Bxd3 17. Qxf6 gxf6 18. cxd3 Ne5 19. f4 Nxd3 20. b4 Rac8 21. Rf3 Nc1 22. Bf2 d4 23. Kf1 d3 24. Be1 Rc2 25. Rf2 Rxe1+ 26. Kxe1 Rxf2 27. Kd1 Ne2 28. Kd2 Rxg2 29. Kxd3 Nxf4+ 30. Ke4 Ne6 31. Rd1 Rxh2 32. Ra1 Rh4+ 33. Ke3 Kg7 34. Rg1+ Ng5 35. Kd2 Kg6 36. Kc2 Rh2+ 37. Kb3 h5 38. a4 Re2 39. Kc4 h4 40. Kd3 Re4 41. Rxg5+ fxg5 42. Kxe4 f5+ 0-1

[Event "P-3626"]
[Site "IECC email"]
[Date "2004.02.24"]
[Round "?"]
[White "Matthews, James"]
[Black "Spencer, James"]
[Result "0-1"]
[WhiteElo "1318"]
[BlackElo "1227"]
[PlyCount "84"]
[EventDate "2004.??.??"]
[EventType "tourn (corr)"]
[SourceTitle "Corr 2020"]
[Source "ChessBase"]
[SourceDate "2019.09.30"]
[SourceVersion "1"]
[SourceVersionDate "2019.09.30"]
[SourceQuality "1"]
[WhiteTeam "New Zealand"]
[BlackTeam "United States"]
[WhiteTeamCountry "NZL"]
[BlackTeamCountry "USA"]

1. e4 c5 2. d4 cxd4 3. c3 dxc3 4. Nxc3 Nc6 5. Nf3 d6 6. Bc4 a6 7. 0-0 Nf6 8. Bg5 e6 9. Qe2 Be7 10. Rfd1 0-0 11. e5 Ne8 12. Bxe7 Qxe7 13. Bb3 d5 14. a3 b5 15. Rac1 Bb7 16. Qe3 Rc8 17. Bc2 Nc7 18. Nd4 Nxd4 19. Rxd4 f6 20. Qh3 g6 21. Rh4 Qg7 22. exf6 Qxf6 23. f3 Qe5 24. Rf1 Qe3+ 25. Rf2 Rf7 26. Qg3 e5 27. h3 e4 28. Kh2 Qb6 29. Re2 exf3 30. gxf3 Re8 31. Rxe8+ Nxe8 32. Rg4 Nf6 33. Rg5 Kf8 34. Kg2 b4 35. Na4 Qc6 36. Qf2 b3 37. Bxb3 Ne4 38. Bxd5 Qc1 39. Qh4 Qd2+ 40. Kh1 Nxg5 41. Bxf7 Bxf3+ 42. Kg1 Qg2# 0-1

[Event "IECC P email"]
[Site "IECC email"]
[Date "2003.06.04"]
[Round "?"]
[White "Matthews, James"]
[Black "Venturas, Bob"]
[Result "1-0"]
[WhiteElo "1397"]
[BlackElo "1078"]
[PlyCount "48"]
[EventDate "2003.??.??"]
[EventType "tourn (corr)"]
[EventRounds "6"]
[SourceTitle "Corr 2008"]
[Source "ChessBase"]
[SourceDate "2008.06.24"]
[SourceVersion "1"]
[SourceVersionDate "2008.06.24"]
[SourceQuality "1"]

1. e4 e5 2. Nf3 Nc6 3. d4 exd4 4. Nxd4 Qf6 5. Nb5 Bd6 6. N1c3 a6 7. Nd5 Qe5 8. Nxd6+ Qxd6 9. Bf4 Ne5 10. Qh5 Nf6 11. Bxe5 Nxh5 12. Bxd6 cxd6 13. Nc7+ Kd8 14. Nxa8 Re8 15. 0-0-0 Rxe4 16. f3 Re6 17. Bc4 Re7 18. Rxd6 Nf6 19. Bd3 Ne8 20. Rd4 g6 21. Nb6 Nc7 22. Re4 f5 23. Rxe7 Kxe7 24. Nxc8+ Kd8 1-0

[Event "Framingham CC-ch"]
[Site "Framingham"]
[Date "1987.05.05"]
[Round "4"]
[White "Berki, Mike L"]
[Black "Matthews, James"]
[Result "1-0"]
[WhiteElo "1805"]
[BlackElo "1990"]
[PlyCount "131"]
[EventDate "1987.04.14"]
[EventType "swiss"]
[EventRounds "6"]
[EventCountry "USA"]
[SourceTitle "EXT 2023"]
[Source "ChessBase"]
[SourceDate "2022.10.05"]
[SourceVersion "1"]
[SourceVersionDate "2022.10.05"]
[SourceQuality "1"]

1. e4 c5 2. Nf3 e6 3. d4 cxd4 4. Nxd4 Nc6 5. Nc3 Qc7 6. Be2 a6 7. 0-0 Nge7 8. Ndb5 axb5 9. Nxb5 Qb8 10. Nd6+ Kd8 11. Nxf7+ Ke8 12. Nxh8 g6 13. f4 Bg7 14. Nxg6 hxg6 15. Bd3 Qa7+ 16. Kh1 Qc5 17. f5 exf5 18. exf5 gxf5 19. Qh5+ Kd8 20. Qf7 Be5 21. Bg5 Qd6 22. Rae1 Kc7 23. Bxe7 Nxe7 24. Bxf5 Nxf5 25. Rxf5 Bxh2 26. Qc4+ Kb8 27. Re8 Ra6 28. Rxc8+ Ka7 29. Qc5+ Qxc5 30. Rfxc5 Bf4 31. a3 Rh6+ 32. Kg1 Be3+ 33. Kf1 Rf6+ 34. Ke2 Bxc5 35. Rxc5 Kb6 36. Rc3 Re6+ 37. Re3 Rg6 38. g3 Rc6 39. c3 Rg6 40. Kd2 Kc6 41. a4 Rh6 42. b4 Rh2+ 43. Kd3 Ra2 44. a5 d6 45. Re2 Ra1 46. Rg2 b6 47. axb6 Kxb6 48. g4 Rd1+ 49. Kc2 Ra1 50. Kb2 Ra7 51. g5 d5 52. g6 Rg7 53. Kc2 Kb5 54. Kd3 Kc6 55. Kd4 Kd6 56. Rg3 Ke6 57. Kc5 Rc7+ 58. Kb6 Rg7 59. Kc6 Ke5 60. b5 d4 61. cxd4+ Kxd4 62. b6 Kc4 63. b7 Rg8 64. g7 Kb4 65. Kc7 Ka5 66. b8Q 1-0

[Event "Framingham CC-ch"]
[Site "Framingham"]
[Date "1987.04.28"]
[Round "3"]
[White "Matthews, James"]
[Black "Merrill, Brad C"]
[Result "1-0"]
[WhiteElo "1990"]
[BlackElo "1919"]
[PlyCount "45"]
[EventDate "1987.04.14"]
[EventType "swiss"]
[EventRounds "6"]
[EventCountry "USA"]
[SourceTitle "EXT 2023"]
[Source "ChessBase"]
[SourceDate "2022.10.05"]
[SourceVersion "1"]
[SourceVersionDate "2022.10.05"]
[SourceQuality "1"]

1. e4 c5 2. Nf3 d6 3. d4 cxd4 4. Qxd4 Nc6 5. Bb5 a6 6. Bxc6+ bxc6 7. Nc3 e5 8. Qc4 Bb7 9. Be3 Nf6 10. 0-0-0 Qa5 11. Rhe1 Be7 12. Qb3 Qc7 13. h3 0-0 14. Bb6 Qb8 15. Nh4 Nd7 16. Nf5 Bg5+ 17. Be3 Bxe3+ 18. Rxe3 Nc5 19. Qc4 Rd8 20. Rg3 Ne6 21. Rxg7+ Nxg7 22. Nh6+ Kh8 23. Nxf7+ 1-0